[Event "Joao Pessoa Fischer Memorial 10th"]
[Site "Joao Pessoa"]
[Date "2019.03.31"]
[Round "5"]
[White "Torres, Wagner da Silva"]
[Black "Pereira Fo, Hildebrando Apolon"]
[Result "1-0"]
[WhiteElo "1919"]
[BlackElo "1578"]
[PlyCount "83"]
[EventDate "2019.03.29"]
[EventType "swiss"]
[EventRounds "6"]
[EventCountry "BRA"]
[SourceTitle "CBM 190 Extra"]
[Source "ChessBase"]
[SourceDate "2019.07.15"]
[SourceVersion "1"]
[SourceVersionDate "2019.07.15"]
[SourceQuality "1"]

1. e4 c5 2. Nf3 d6 3. d4 cxd4 4. Nxd4 Nf6 5. Nc3 g6 6. Be3 Bg7 7. f3 Nc6 8. Qd2 h6 9. 0-0-0 Bd7 10. Bc4 a6 11. g4 Ne5 12. Bb3 Rc8 13. Kb1 Nc4 14. Bxc4 Rxc4 15. h4 b5 16. a3 Qb6 17. Nb3 Qd8 18. g5 hxg5 19. hxg5 Nh5 20. Nd5 Qb8 21. Nb6 Rc7 22. Bd4 Rg8 23. Nxd7 Rxd7 24. Bxg7 Rxg7 25. e5 Rg8 26. Rhe1 Kf8 27. Nc5 Rd8 28. Nxa6 Qb6 29. Nb4 Kg7 30. exd6 Rxd6 31. Qc3+ Kh7 32. Rxd6 Qxd6 33. Qe5 Qxe5 34. Rxe5 Re8 35. Rxb5 Nf4 36. a4 Ne2 37. a5 Ng1 38. a6 Nxf3 39. c3 Nd2+ 40. Kc2 Nc4 41. a7 Ra8 42. Nc6 1-0

[Event "Joao Pessoa Fischer Memorial 10th"]
[Site "Joao Pessoa"]
[Date "2019.03.29"]
[Round "2"]
[White "Pereira, Silvio Cunha"]
[Black "Torres, Wagner da Silva"]
[Result "1-0"]
[WhiteElo "2241"]
[BlackElo "1919"]
[PlyCount "65"]
[EventDate "2019.03.29"]
[EventType "swiss"]
[EventRounds "6"]
[EventCountry "BRA"]
[SourceTitle "CBM 190 Extra"]
[Source "ChessBase"]
[SourceDate "2019.07.15"]
[SourceVersion "1"]
[SourceVersionDate "2019.07.15"]
[SourceQuality "1"]

1. e4 d6 2. d4 Nf6 3. Nc3 g6 4. Bc4 c6 5. e5 dxe5 6. dxe5 Qxd1+ 7. Nxd1 Nd5 8. Bxd5 cxd5 9. Nc3 e6 10. Nb5 Na6 11. Ne2 b6 12. Bg5 Be7 13. h4 h6 14. Be3 Bb7 15. Ned4 Kd7 16. a4 Nb4 17. Kd2 Nc6 18. Nxc6 Bxc6 19. Nd4 Bb7 20. a5 Bb4+ 21. c3 Bc5 22. Rh3 a6 23. Rf3 Rh7 24. axb6 Bxb6 25. Ra3 Bxd4 26. Bxd4 Bc6 27. Rf6 Bb5 28. g4 Rc8 29. Ra1 Ke8 30. f4 h5 31. f5 gxf5 32. gxf5 exf5 33. Rg1 1-0

[Event "Joao Pessoa Fischer Memorial 7th"]
[Site "Joao Pessoa"]
[Date "2016.03.13"]
[Round "6"]
[White "Torres, Wagner da Silva"]
[Black "Passos Coutinho, Eduardo"]
[Result "1/2-1/2"]
[WhiteElo "1961"]
[BlackElo "1779"]
[PlyCount "42"]
[EventDate "2016.03.11"]
[EventType "swiss"]
[EventRounds "6"]
[EventCountry "BRA"]
[SourceTitle "CBM 171 Extra"]
[Source "ChessBase"]
[SourceDate "2016.04.26"]
[SourceVersion "1"]
[SourceVersionDate "2016.04.26"]
[SourceQuality "1"]

1. Nf3 f5 2. b3 Nf6 3. Bb2 e6 4. e3 d5 5. Ne5 Bd6 6. Bb5+ c6 7. Be2 0-0 8. 0-0 Qe7 9. d3 Nbd7 10. f4 a5 11. a4 Bc5 12. d4 Bd6 13. Nd2 Ne4 14. Nxe4 fxe4 15. c4 Rf6 16. c5 Bc7 17. Rf2 Nxe5 18. fxe5 Rxf2 19. Kxf2 Qh4+ 20. Kg1 Bd7 21. Qe1 Qxe1+ 1/2-1/2

[Event "Joao Pessoa-ch"]
[Site "Joao Pessoa"]
[Date "2014.08.02"]
[Round "3"]
[White "Paiva, Luis Flavio Medeiro"]
[Black "Torres, Wagner da Silva"]
[Result "0-1"]
[WhiteElo "1672"]
[BlackElo "1979"]
[PlyCount "101"]
[EventDate "2014.08.01"]
[EventType "swiss"]
[EventRounds "6"]
[EventCountry "BRA"]
[SourceTitle "CBM 161 Extra"]
[Source "ChessBase"]
[SourceDate "2014.08.29"]
[SourceVersion "1"]
[SourceVersionDate "2014.08.29"]
[SourceQuality "1"]

1. e4 d6 2. d4 Nf6 3. Nc3 g6 4. Nf3 Bg7 5. Bc4 c6 6. Bb3 0-0 7. 0-0 a6 8. Bg5 b5 9. a3 Bb7 10. Re1 h6 11. Bf4 Nh5 12. Be3 e6 13. Qd2 Kh7 14. Rad1 f5 15. exf5 exf5 16. Qc1 f4 17. Bd2 d5 18. Ne2 Qf6 19. c3 Bc8 20. Bc2 Bf5 21. Qb1 Bxc2 22. Qxc2 Ra7 23. Nc1 Re7 24. Rxe7 Qxe7 25. Re1 Qd6 26. Nd3 Nd7 27. Nde5 Nxe5 28. dxe5 Qe7 29. Qd3 Bh8 30. Qd4 Ng7 31. Qb6 c5 32. Qxa6 g5 33. Qxb5 g4 34. Nd4 cxd4 35. cxd4 Qe6 36. a4 Nf5 37. Qd3 f3 38. g3 Kg8 39. a5 h5 40. Ra1 h4 41. Bf4 hxg3 42. fxg3 Ra8 43. b4 Bg7 44. b5 Bh6 45. Bxh6 Qxh6 46. Qxf5 Qe3+ 47. Kh1 Qe2 48. Qxg4+ Kf8 49. Qf4+ Kg8 50. Qg4+ Kf8 51. Qh3 0-1

[Event "Joao Pessoa op 5th"]
[Site "Joao Pessoa"]
[Date "2014.03.15"]
[Round "4"]
[White "Torres, Wagner da Silva"]
[Black "Dantas, Rhuan de Araujo"]
[Result "1-0"]
[WhiteElo "1970"]
[BlackElo "1651"]
[PlyCount "145"]
[EventDate "2014.03.14"]
[EventType "swiss"]
[EventRounds "6"]
[EventCountry "BRA"]
[SourceTitle "CBM 159 Extra"]
[Source "ChessBase"]
[SourceDate "2014.04.24"]
[SourceVersion "1"]
[SourceVersionDate "2014.04.24"]
[SourceQuality "1"]

1. e4 d6 2. d4 Nf6 3. Nc3 g6 4. Bg5 Bg7 5. Qd2 h6 6. Bh4 Nbd7 7. Nf3 c5 8. d5 g5 9. Bg3 Nh5 10. Bd3 Nxg3 11. hxg3 g4 12. Nh4 Ne5 13. Bb5+ Bd7 14. Bxd7+ Qxd7 15. Nf5 Bf6 16. Qe2 a6 17. a4 Rb8 18. a5 e6 19. Ne3 Ke7 20. Nxg4 Nxg4 21. Qxg4 b5 22. Qe2 Rbg8 23. Nd1 c4 24. c3 Rg5 25. Ne3 h5 26. Nc2 exd5 27. exd5+ Re5 28. Ne3 Kd8 29. Qf3 Qe7 30. 0-0-0 Bg5 31. Rhf1 Rh6 32. Kb1 Rf6 33. Qxh5 Bxe3 34. Qh8+ Kc7 35. fxe3 Rxf1 36. Rxf1 Rxe3 37. Qf6 Qxf6 38. Rxf6 Rxg3 39. Rxf7+ Kc8 40. Ra7 Rg5 41. Rxa6 Rxd5 42. Ra7 Rg5 43. Rh7 Rxg2 44. Rh5 Re2 45. Rxb5 Re5 46. Rb4 Rc5 47. a6 Ra5 48. Rxc4+ Kd7 49. b4 Rxa6 50. Kb2 d5 51. Rc5 Kd6 52. Kb3 Ra1 53. Ra5 Rb1+ 54. Kc2 Rg1 55. Ra8 Kc6 56. Rc8+ Kd6 57. Kb3 Rb1+ 58. Ka4 Rc1 59. Ka5 Kd7 60. Rc5 Kd6 61. Kb6 Rb1 62. b5 Rb2 63. Rc6+ Ke5 64. Ka6 d4 65. cxd4+ Kxd4 66. b6 Kd5 67. Rc1 Ra2+ 68. Kb7 Kd6 69. Kb8 Rb2 70. b7 Kd7 71. Ra1 Kc6 72. Ra7 Rg2 73. Ka8 1-0

[Event "Joao Pessoa op 08"]
[Site "Joao Pessoa"]
[Date "2013.08.04"]
[Round "6"]
[White "Ferreira, Alexander da Silva"]
[Black "Torres, Wagner da Silva"]
[Result "0-1"]
[WhiteElo "1718"]
[BlackElo "1980"]
[PlyCount "40"]
[EventDate "2013.08.02"]
[EventType "swiss"]
[EventRounds "6"]
[EventCountry "BRA"]
[SourceTitle "EXT 2014"]
[Source "ChessBase"]
[SourceDate "2013.11.20"]
[SourceVersion "1"]
[SourceVersionDate "2013.11.20"]
[SourceQuality "1"]

1. e4 e5 2. Nf3 Nf6 3. Nxe5 d6 4. Nf3 Nxe4 5. d4 d5 6. Nc3 Bb4 7. Qd3 0-0 8. a3 Ba5 9. b4 Bb6 10. Na4 Bf5 11. Qb3 Nxf2 12. Nxb6 Nxh1 13. Nxa8 Re8+ 14. Be2 Qe7 15. Ng1 Qh4+ 16. g3 Qxd4 17. Bb2 Qxg1+ 18. Kd2 Rxe2+ 19. Kxe2 Qf2+ 20. Kd1 Bg4+ 0-1

[Event "Joao Pessoa op 08"]
[Site "Joao Pessoa"]
[Date "2013.08.03"]
[Round "3"]
[White "De Moura, Eden Barboza Alves"]
[Black "Torres, Wagner da Silva"]
[Result "0-1"]
[WhiteElo "1800"]
[BlackElo "1980"]
[PlyCount "96"]
[EventDate "2013.08.02"]
[EventType "swiss"]
[EventRounds "6"]
[EventCountry "BRA"]
[SourceTitle "CBM 155 Extra"]
[Source "ChessBase"]
[SourceDate "2013.08.26"]
[SourceVersion "1"]
[SourceVersionDate "2013.08.26"]
[SourceQuality "1"]

1. Nf3 d5 2. g3 Nf6 3. Bg2 c5 4. 0-0 Nc6 5. d3 e5 6. Re1 Be7 7. Nbd2 Bg4 8. a4 a6 9. b3 h5 10. Bb2 d4 11. Nc4 Bxf3 12. Bxf3 Qc7 13. e3 0-0-0 14. exd4 exd4 15. Bxc6 bxc6 16. Ne5 Rdf8 17. Nxc6 Bd6 18. Qf3 Kd7 19. Ne5+ Kd8 20. Qa8+ Qc8 21. Nc6+ Kc7 22. Qxc8+ Rxc8 23. Ne7 Rce8 24. Nf5 g6 25. Nxd6 Kxd6 26. c3 Kd5 27. cxd4 cxd4 28. Rac1 Rxe1+ 29. Rxe1 Re8 30. Rxe8 Nxe8 31. h3 Nf6 32. b4 Nd7 33. f4 Nb6 34. a5 Na4 35. Ba1 Nc3 36. Kf2 Kc6 37. Ke1 Kb5 38. Kd2 Kxb4 39. Bxc3+ dxc3+ 40. Kc2 f6 41. g4 h4 42. d4 Kc4 43. d5 Kxd5 44. Kxc3 Kc5 45. g5 f5 46. Kd3 Kd5 47. Kc3 Ke4 48. Kd2 Kxf4 0-1

[Event "Joao Pessoa op 08"]
[Site "Joao Pessoa"]
[Date "2013.08.02"]
[Round "2"]
[White "Torres, Wagner da Silva"]
[Black "Lebredo Zaragoitia, Gerardo"]
[Result "0-1"]
[WhiteElo "1980"]
[BlackElo "2204"]
[PlyCount "56"]
[EventDate "2013.08.02"]
[EventType "swiss"]
[EventRounds "6"]
[EventCountry "BRA"]
[SourceTitle "CBM 155 Extra"]
[Source "ChessBase"]
[SourceDate "2013.08.26"]
[SourceVersion "1"]
[SourceVersionDate "2013.08.26"]
[SourceQuality "1"]

1. d4 Nf6 2. c4 e6 3. Nf3 Bb4+ 4. Bd2 a5 5. Nc3 b6 6. g3 Ba6 7. b3 d5 8. e3 0-0 9. Qc2 c5 10. a3 cxd4 11. axb4 dxc3 12. Bxc3 axb4 13. Bxb4 Re8 14. Nd4 dxc4 15. Bxc4 Bxc4 16. Rxa8 Qd5 17. Rg1 Bxb3 18. Qxb3 Qxa8 19. Ke2 Nc6 20. Nxc6 Qxc6 21. Bc3 Ne4 22. Bb2 Rd8 23. Rd1 Rxd1 24. Qxd1 Qb5+ 25. Ke1 Qb4+ 26. Ke2 Qxb2+ 27. Kf3 Qf6+ 28. Kxe4 Qf5+ 0-1

[Event "Joao Pessoa op 3rd"]
[Site "Joao Pessoa"]
[Date "2012.03.09"]
[Round "2"]
[White "De Lira Machado, Alexandre Henri"]
[Black "Torres, Wagner da Silva"]
[Result "0-1"]
[WhiteElo "2104"]
[BlackElo "1874"]
[PlyCount "82"]
[EventDate "2012.03.09"]
[EventType "swiss"]
[EventRounds "6"]
[EventCountry "BRA"]
[SourceTitle "CBM 147 Extra"]
[Source "ChessBase"]
[SourceDate "2012.04.24"]
[SourceVersion "1"]
[SourceVersionDate "2012.04.24"]
[SourceQuality "1"]

1. c4 Nf6 2. g3 g6 3. Bg2 Bg7 4. Nc3 0-0 5. d3 d6 6. Qc2 e5 7. Bg5 c6 8. Ne4 Qa5+ 9. Bd2 Qc7 10. Nxf6+ Bxf6 11. Rb1 Bg7 12. Nf3 Nd7 13. Ng5 Re8 14. b4 Nf8 15. h4 h6 16. Ne4 f5 17. Nc3 Ne6 18. Qc1 Kh7 19. h5 g5 20. e4 f4 21. g4 f3 22. Bxf3 Rf8 23. Bd1 Nd4 24. Rh3 Be6 25. Be3 Qd7 26. Rg3 Rf6 27. Qa3 Raf8 28. Qxa7 Nf3+ 29. Bxf3 Rxf3 30. Rxf3 Rxf3 31. Ne2 Bxg4 32. Ng3 d5 33. cxd5 cxd5 34. Qb6 Rf6 35. Qc5 d4 36. Bc1 Qf7 37. Qc2 Rc6 38. Qd2 Qc7 39. Kf1 Rc2 40. Qe1 Qf7 41. f4 gxf4 0-1